000 nam a22 7a 4500
999 _c2318
_d2318
005 20170516094030.0
008 170516b1988 -cn||||| |||| 00| 0 eng d
020 _a0574101926
040 _aAKMAL
082 _a421.54 ENG
090 _a421.54
_bENG
245 _aTextbook /
_cSIegfried Engelmann, Susan Hanner
260 _aChicago, Henley-on-Thames, Sydney, Toronto
_bScience Research Associates, Inc
_c1983
300 _a461p
_ccm
942 _2ddc
_cBOOK